Chicken Soup For The Soul At Work (Record no. 17807)

MARC details
000 -LEADER
fixed length control field 00443nam a2200157Ia 4500
008 - FIXED-LENGTH DATA ELEMENTS--GENERAL INFORMATION
fixed length control field 220803s9999 xx 000 0 und d
020 ## - INTERNATIONAL STANDARD BOOK NUMBER
International Standard Book Number 978-81-8498-063-9
041 ## - LANGUAGE CODE
Language code of text/sound track or separate title eng
082 ## - DEWEY DECIMAL CLASSIFICATION NUMBER
Classification number 891.46 CAN/GHA
100 ## - MAIN ENTRY--PERSONAL NAME
Personal name Canfield J
9 (RLIN) 28005
245 ## - TITLE STATEMENT
Title Chicken Soup For The Soul At Work
260 ## - PUBLICATION, DISTRIBUTION, ETC. (IMPRINT)
Place of publication, distribution, etc. Pune
Name of publisher, distributor, etc. Mehta Publishing House--
Date of publication, distribution, etc. 2009
300 ## - PHYSICAL DESCRIPTION
Extent 229p
650 ## - SUBJECT ADDED ENTRY--TOPICAL TERM
Topical term or geographic name as entry element Marathi Literature.
9 (RLIN) 28006
700 ## - ADDED ENTRY--PERSONAL NAME
Personal name Canfield J Gharpure S Tr.
9 (RLIN) 28007
Holdings
Withdrawn status Lost status Damaged status Not for loan Home library Current library Date acquired Total Checkouts Full call number Barcode Date last seen Bill Date Koha item type Original Barcode
        Dr. Bhanuben Nanavati College of Architecture Dr. Bhanuben Nanavati College of Architecture 03/03/2010   891.46 CAN/GHA BNCA-DB-285 03/08/2022 03/08/2022 Donated Book DB000285